00293nam a22000977a 4500008004100000020001800041020001400059041000800073080001000081245010400091160423b xxu||||| |||| 00| 0 eng d a9780801662461 a080166246 aeng a618.2 aPharmacological basis of nursing practice:cJulia B. Clark; Sherry F. Queener; Virginia Burke Karb;